| 000 | 00551nam a22001937a 4500 | ||
|---|---|---|---|
| 008 | 131007b xxu||||| |||| 00| 0 ger d | ||
| 020 | _a3446134905 | ||
| 041 | 0 | _ager | |
| 080 | _a004.3 | ||
| 100 | 1 | _aNoltemeier, Hartmut | |
| 245 | 1 | 0 |
_aInformatik II _cNoltemeier, Hartmut |
| 260 |
_aMunchen _aWien _bCarl Hanser Verlag _c1984 |
||
| 300 |
_a219 f. _billustr. _c24 cm |
||
| 500 | _aParathenie [V]-[VI] | ||
| 650 | 0 | _aKompjutera | |
| 650 | 0 | _aProgramimi | |
| 700 | 1 | _aLaue, Reinhard | |
| 942 |
_2udc _cBK |
||
| 999 |
_c35 _d35 |
||